David Bowie - Space Oddity - Statistics

General Stats
  • This quiz has been taken 145 times
  • The average score is 26 of 30
Answer Stats
Lyrics % Correct
Can you hear me Major {Tom}?
100%
Can you hear me Major {Tom}?
100%
Can you hear me Major {Tom}?
100%
Ground Control to Major {Tom}
100%
Ground Control to Major {Tom}
100%
Ground Control to Major {Tom}
100%
Ground Control to Major {Tom}
100%
This is Ground Control to Major {Tom}
100%
This is Major {Tom} to Ground Control
100%
And there’s {nothing} I can do
96%
And there’s {nothing} I can do
96%
Tell my {wife} I love her very much, she knows
94%
Planet {Earth} is blue
93%
For here am I sitting in a {tin} {can}
91%
Commencing {countdown}, engines on
90%
And I’m floating in a most {peculiar} way
89%
{Planet} {Earth} is blue
88%
Here am I {floating} round my tin can
85%
Far above the {world}
84%
Take your {protein} pills and put your helmet on
84%
Now it’s time to leave the {capsule} if you dare
81%
And I think my {spaceship} knows which way to go
78%
Check ignition and may {God’s love} be with you
78%
And the papers want to know whose {shirts} you wear
74%
I’m {stepping} through the door
73%
You’ve really made the {grade}
65%
I’m feeling very {still}
64%
Your {circuit}‘s dead, there’s something wrong
61%
Far above the {moon}
60%
Though I’m {past} one hundred thousand miles
47%
No matching quizzes found
Score Distribution
Percent of People with Each Score
Percentile by Number Answered
Your Score History
You have not taken this quiz